UNLV Football: Top 10 All-Time Leaders - Statistics

General Stats
  • This quiz has been taken 3 times
  • The average score is 22 of 53
Answer Stats
Category # Player Amount % Correct
Rushing Yards 1 Charles Williams 4,201
100%
Receiving Yards 6 Damon Williams 2,558
100%
Passing Yards 1 Randall Cunningham 8,020
100%
Receiving Yards 2 Ricky White 3,143
100%
Receiving Yards 5 Earvin Johnson 2,604
67%
Passing Yards 6 Jason Thomas 4,997
67%
Interceptions T2 Kevin Thomas 14
67%
Rushing Yards 3 Mike Thomas 3,149
67%
Tackles 1 Adam Seward 433
33%
Tackles 4 Beau Bell 320
33%
Passing Yards 8 Blake Decker 4,599
33%
Passing Yards 9 Caleb Herring 4,325
33%
Interceptions 4 Cameron Oliver 13
33%
Receiving Yards 9 Casey Flair 2,380
33%
Interceptions T2 Charles Jarvis 14
33%
Tackles 7 Darnell Pickens 289
33%
Sacks 1 Daryl Knox 28.0
33%
Interceptions T5 David Hollis 11
33%
Receiving Yards 8 Demond Thompkins 2,396
33%
Passing Yards 7 Derek Stott 4,725
33%
Receiving Yards 3 Devante Davis 2,785
33%
Receiving Yards 4 Devonte Boyd 2,630
33%
Tackles T8 Doc Wise 280
33%
Rushing Yards 4 Dominique Dorsey 2,834
33%
Passing Yards 5 Glenn Carano 5,095
33%
Receiving Yards 7 Henry Bailey 2,515
33%
Rushing Yards 9 Ickey Woods 1,925
33%
Tackles T8 Jamaal Brimmer 280
33%
Rushing Yards 10 James Wofford 1,861
33%
Tackles 2 Jason Beauchamp 334
33%
Rushing Yards 7 Joe Haro 2,013
33%
Passing Yards 3 Jon Denton 6,177
33%
Rushing Yards 5 Kirk Jones 2,656
33%
Sacks 7 Leon Moore 15.0
33%
Sacks 3 Mark Byers 20.5
33%
Interceptions 1 Marlon Beavers 17
33%
Rushing Yards 6 Michael Horton 2,536
33%
Passing Yards 2 Omar Clayton 6,560
33%
Rushing Yards 8 Omar Love 1,932
33%
Interceptions T5 Patt Medchill 11
33%
Tackles 3 Peni Vea 328
33%
Receiving Yards 10 Phillip Payne 2,295
33%
Sacks 4 Phil O'Neill 20.0
33%
Tackles 5 Randy Black 294
33%
Tackles 6 Ryan Claridge 293
33%
Sacks 5 Ryan Claridge 18.5
33%
Receiving Yards 1 Ryan Wolfe 3,495
33%
Passing Yards 4 Sam King 5,393
33%
Passing Yards 10 Steve Stallworth 3,789
33%
Sacks 6 Talance Sawyer 15.5
33%
Tackles 10 Tau Lotelelei 277
33%
Rushing Yards 2 Tim Cornett 3,733
33%
Sacks 2 Todd Liebenstein 22.0
33%
No matching quizzes found
Score Distribution
Percent of People with Each Score
Percentile by Number Answered
Your Score History
You have not taken this quiz